| 000 | 03185nam0a2200433 4500 | ||
|---|---|---|---|
| 001 | RU\NLR\BIBL_A\011355008 | ||
| 005 | 20250626051819.0 | ||
| 020 |
_aRU _b1145 _9Сводный каталог листовок первых лет Советской власти (25 октября (7 ноября) 1917 - 1925) Т.1. Листовки высших органов государственной власти и управления, центральных партийных, профсоюзных, комсомольских и других организаций. Ч.1.-2 |
||
| 035 | _a(NLR Aleph) 011355008 | ||
| 090 |
_a11266834 _c11266834 |
||
| 100 | _a20170329d1920 |||y0rusy50 ca | ||
| 101 | 0 | _arus | |
| 102 | _aRU | ||
| 105 | _ay z 000zy | ||
| 135 | _acrgn 008apada | ||
| 200 | 1 |
_aПредложение сообщить о порядке сдачи отчетности и контроля реквизированных заградительными отрядами продуктов: Всем губпродкомам. Циркулярно. № 18/БЗ, сентября 6 дня 1920 г. Москва _e[листовка] |
|
| 210 |
_a[М. _cб. и. _d1920, сент.] |
||
| 215 |
_a1 с. _d20х15 |
||
| 300 | _aВ надзаг.: РСФСР. Нар. ком. по продовольствию, Упр. заготовок. Отд. техн.-заготовит. | ||
| 300 | _aПодписи: управляющий отделом Дм. Бучинский; заведующий подотделом Коробков; заведующий отделением Баженов | ||
| 325 | 1 | _aКопия доступна в Электронной библиотеке РНБ | |
| 517 | 1 | _aВсем губпродкомам. Циркулярно. № 18/БЗ, сентября 6 дня 1920 г. Москва | |
| 607 |
_aРСФСР _jЛистовки _xПолитика и управление _y1917 - 1925 _92312782 _3RU\NLR\auth\6601609564 |
||
| 686 | 0 | _aТ3(2)71-313,011 | |
| 686 | 1 | _aТ3(2)712.9-203,011 | |
| 702 | 1 |
_4720 _aБучинский _bД. Н. _cгос. деятель _f1885-1943 _gДмитрий Николаевич. _9172401 _3RU\NLR\AUTH\770172451 |
|
| 702 | 1 |
_4720 _aКоробков _cгос. деятель _9172511 _3RU\NLR\AUTH\770172562 |
|
| 702 | 1 |
_4720 _aБаженов _cучастник установления советской власти, г. Москва _9172510 _3RU\NLR\AUTH\770172561 |
|
| 711 | 0 | 1 |
_aРСФСР _bНародный комиссариат продовольствия _bУправление заготовок _bТехническо-заготовительный отдел _9390933 _3RU\NLR\AUTH\880361952 |
| 852 | 0 | 0 |
_aNLR _bФЛ _j9/40 |
| 942 | _cBOOK | ||
| 980 | _aNB | ||
| 981 | 2 | 1 |
_a(21) Листовки _b(21) Листовки 1920 года |
| 981 | 2 | 2 |
_a(22) Материалы по истории России _b(22) История России с 25 октября (7 ноября) 1917 года |